Energy policies and programmes of IEA countries

Uloženo v:
Podrobná bibliografie
Hlavní autor: Organisation for Economic Co-operation and Development
Médium: Kniha
Jazyk:Undetermined
Vydáno: Paris Organisation for Economic Co-operation and Development 1979
Témata:
Tagy: Přidat tag
Žádné tagy, Buďte první, kdo otaguje tento záznam!
Thư viện lưu trữ: Trung tâm Học liệu Trường Đại học Cần Thơ
LEADER 00557nam a2200181Ia 4500
001 CTU_86676
008 210402s9999 xx 000 0 und d
082 |a 333.79 
082 |b O.68 
100 |a Organisation for Economic Co-operation and Development 
245 0 |a Energy policies and programmes of IEA countries 
260 |a Paris 
260 |b Organisation for Economic Co-operation and Development 
260 |c 1979 
650 |a Energy policy 
650 |x Periodicals 
904 |i Năm 
980 |a Trung tâm Học liệu Trường Đại học Cần Thơ